000 00543nam a2200193Ia 4500
003 OSt
005 20250806093935.0
008 210210b2001 xxu||||| |||| 00| 0 eng d
040 _cAL
041 _aKannada
082 _aK894.4 NIRH
100 _aNIRANJANA VANALLI.
_dನಿರಂಜನ ವಾನಳ್ಳಿ
_9234125
245 _aHudukatada hottu.
_bಹುಡುಕಾಟದ ಹೊತ್ತು
260 _aBengaluru
_bMitra Madhyama
_c2001
300 _a112
690 _aKannada Prose
_9234126
906 _a057001
942 _2ddc
_cBK
999 _c104561
_d104561